[Event "Aarhus GM Sommer 1993"]
[Site "Aarhus"]
[Date "1993.??.??"]
[Round "8"]
[White "Kjeldsen, Jens"]
[Black "Jelling, Erik"]
[Result "1/2-1/2"]
[WhiteElo "2380"]
[BlackElo "2395"]
[PlyCount "82"]
[EventDate "1993.08.??"]
[EventType "tourn"]
[EventRounds "9"]
[EventCountry "DEN"]
[EventCategory "9"]
[SourceTitle "CB"]

1. d4 d5 2. c4 c6 3. Nc3 Nf6 4. e3 g6 5. Nf3 Bg7 6. Be2 O-O 7. O-O a6 8. Qb3 e6
9. Bd2 Ne4 10. Be1 Nd6 11. Nd2 Nd7 12. a4 f5 13. f4 Nf6 14. Bh4 Qe8 15. Qc2 a5
16. c5 Nde4 17. Ndxe4 dxe4 18. Bxf6 Bxf6 19. Bc4 g5 20. g3 Kh8 21. Kh1 Rb8 22.
Ne2 b5 23. Bb3 b4 24. Rf2 Rb7 25. Rg1 g4 26. h3 h5 27. Rh2 Rh7 28. Bc4 Kg7 29.
Nc1 Rfh8 30. Nb3 Bd8 31. Nd2 Bc7 32. Rgg2 Qg6 33. Be2 Kf8 34. Nc4 Qe8 35. Bf1
Kg7 36. b3 Ba6 37. Kg1 Bxc4 38. Qxc4 Qc8 39. hxg4 hxg4 40. Rxh7+ Rxh7 41. Qe2
Bd8 1/2-1/2

[Event "Aarhus GM Sommer 1993"]
[Site "Aarhus"]
[Date "1993.??.??"]
[Round "9"]
[White "Miles, Anthony John"]
[Black "Berg, Klaus"]
[Result "1/2-1/2"]
[WhiteElo "2565"]
[BlackElo "2395"]
[PlyCount "173"]
[EventDate "1993.08.??"]
[EventType "tourn"]
[EventRounds "9"]
[EventCountry "DEN"]
[EventCategory "9"]
[SourceTitle "chessgames.com"]

1. d4 Nf6 2. Nf3 c5 3. c4 cxd4 4. Nxd4 e5 5. Nc2 d5 6. cxd5 Qxd5 7. Bd2 Ne4 8.
Ne3 Qd4 9. Nc3 Nxd2 10. Qxd2 Bb4 11. Ned5 Bxc3 12. Qxc3 Qxd5 13. Qxc8+ Ke7 14.
Qc7+ Nd7 15. Rd1 Rhc8 16. Qxc8 Qxd1+ 17. Kxd1 Rxc8 18. g3 Nc5 19. Bg2 Na4 20.
b3 Nc3+ 21. Kd2 b5 22. a3 a5 23. Ra1 f5 24. b4 axb4 25. axb4 Na4 26. e4 Rc4 27.
exf5 Rxb4 28. Bf1 Kf6 29. Bh3 Rb2+ 30. Ke3 Nc3 31. Ra6+ Kg5 32. Rd6 Re2+ 33.
Kd3 Rd2+ 34. Kxd2 Ne4+ 35. Ke3 Nxd6 36. Bf1 Kxf5 37. f3 Ke6 38. Bd3 g6 39. g4
Kd5 40. h4 b4 41. h5 gxh5 42. Bxh7 h4 43. g5 Ke6 44. Kf2 Kf7 45. Bd3 Kg7 46.
Kg2 Nf7 47. Kh3 Nxg5+ 48. Kxh4 Nxf3+ 49. Kg3 Nd4 50. Kf2 Kf6 51. Ke3 Ke6 52.
Bh7 Nf5+ 53. Kd3 Nd6 54. Bg8+ Kd7 55. Bd5 Kc7 56. Ke3 Kb6 57. Kd3 Kc5 58. Be6
Nb5 59. Ke4 Kd6 60. Bg8 Nc3+ 61. Kd3 Kc5 62. Bf7 Nb5 63. Bg8 Nd6 64. Be6 Nb7
65. Bg8 Na5 66. Ke4 Kd6 67. Kd3 Ke7 68. Ke4 Kf6 69. Bd5 b3 70. Kd3 Kf5 71. Kc3
Kf6 72. Be4 Kg5 73. Kd3 Kg4 74. Bh1 Kg3 75. Be4 Kg4 76. Bh1 Kf5 77. Be4+ Ke6
78. Kc3 Kf6 79. Kb4 Kg5 80. Kxa5 Kf4 81. Bb1 e4 82. Kb4 e3 83. Kc3 b2 84. Bd3
e2 85. Kd2 b1=Q 86. Bxb1 e1=Q+ 87. Kxe1 1/2-1/2

[Event "Aarhus GM Sommer 1993"]
[Site "Aarhus"]
[Date "1993.??.??"]
[Round "9"]
[White "Jelling, Erik"]
[Black "Taimanov, Mark E"]
[Result "1/2-1/2"]
[WhiteElo "2395"]
[BlackElo "2500"]
[PlyCount "109"]
[EventDate "1993.08.??"]
[EventType "tourn"]
[EventRounds "9"]
[EventCountry "DEN"]
[EventCategory "9"]
[SourceTitle "CB"]

1. d4 Nf6 2. c4 e6 3. Nc3 Bb4 4. e3 O-O 5. Nge2 d5 6. a3 Be7 7. cxd5 Nxd5 8.
Qc2 Nxc3 9. bxc3 c5 10. Ng3 Nd7 11. Bd3 Nf6 12. O-O Qc7 13. c4 b6 14. d5 exd5
15. cxd5 Nxd5 16. Bxh7+ Kh8 17. Be4 Bb7 18. Bb2 Rfe8 19. Rad1 Nf6 20. Bxb7 Qxb7
21. e4 Rad8 22. e5 Nh7 23. f4 Qc6 24. f5 Bg5 25. Qe2 Qa4 26. Rxd8 Bxd8 27. Nh5
Bg5 28. e6 f6 29. Ng3 Bf4 30. Ne4 Bc7 31. Rd1 Rd8 32. Rxd8+ Bxd8 33. Qd3 Be7
34. h4 c4 35. Qd5 Qc2 36. Bc3 Qc1+ 37. Kh2 Qf4+ 38. g3 Qf3 39. a4 Nf8 40. Bd4
Qe2+ 41. Kg1 Qd1+ 42. Kg2 Qxa4 43. Qb7 Qa2+ 44. Kh3 Qb1 45. Kh2 Qa2+ 46. Bf2
Qa3 47. Bc5 Qb2+ 48. Kh3 Qe5 49. Bxe7 Qxf5+ 50. g4 Qf3+ 51. Kh2 Qe2+ 52. Kg3
Qe3+ 53. Kh2 Qe2+ 54. Kg3 Qe3+ 55. Kh2 1/2-1/2